Normal view
MARC view
- Mahad, Muhammad
Entry Personal Name
001 - CONTROL NUMBER
- control field: 125084
003 - CONTROL NUMBER IDENTIFIER
- control field: NUST
005 - DATE AND TIME OF LATEST TRANSACTION
- control field: 20240809161025.0
008 - FIXED-LENGTH DATA ELEMENTS
- fixed length control field: 240809|| aca||aabn | a|a d
040 ## - CATALOGING SOURCE
- Original cataloging agency: NUST
- Transcribing agency: NUST
100 ## - HEADING--PERSONAL NAME
- Personal name: Mahad, Muhammad
670 ## - SOURCE DATA FOUND
- Source citation: Work cat.: (NUST): Mahad, Muhammad , Fast Charging Thermal Management of Lithium ion battery (using silicon oil as a direct contact cooling at different charge-discharge conditions), applications and future prospects of lithium battery system for bio-medical devices (pacemaker, electric-wheelchair) /
